[Event "HUN-chT2 Asztalos 1819"]
[Site "Hungary"]
[Date "2018.12.02"]
[Round "3.1"]
[White "Veress, Robert"]
[Black "Haszon, David"]
[Result "1-0"]
[WhiteElo "2187"]
[BlackElo "2273"]
[PlyCount "63"]
[EventDate "2018.10.28"]
[EventType "team-tourn"]
[EventRounds "9"]
[EventCountry "HUN"]
[SourceTitle "CBM 189 Extra"]
[Source "ChessBase"]
[SourceDate "2019.06.03"]
[SourceVersion "1"]
[SourceVersionDate "2019.06.03"]
[SourceQuality "1"]
[WhiteTeam "Kaposvar Bastya"]
[BlackTeam "Marcali"]
[WhiteTeamCountry "HUN"]
[BlackTeamCountry "HUN"]

1. d4 Nf6 2. c4 g6 3. Nc3 d5 4. cxd5 Nxd5 5. e4 Nxc3 6. bxc3 Bg7 7. Nf3 c5 8. Be3 0-0 9. Be2 Nc6 10. 0-0 Na5 11. Rc1 Qc7 12. Qc2 b6 13. Rfd1 Bb7 14. d5 Rad8 15. Bg5 Bc8 16. Bh4 f5 17. exf5 Bxf5 18. Qa4 Nb7 19. Bg3 Nd6 20. h3 Qb7 21. Qb3 Kh8 22. Re1 Ne4 23. c4 e6 24. Bh4 exd5 25. Bxd8 Rxd8 26. cxd5 Nd6 27. a4 Qd7 28. Bf1 Be4 29. Ng5 Qf5 30. Nxe4 Nxe4 31. Qe3 Re8 32. Bd3 1-0

[Event "HUN-chT2 Asztalos 1718"]
[Site "Hungary"]
[Date "2018.01.28"]
[Round "5.1"]
[White "Veress, Robert"]
[Black "Kele, Karoly"]
[Result "1/2-1/2"]
[WhiteElo "2181"]
[BlackElo "2108"]
[PlyCount "36"]
[EventDate "2017.10.29"]
[EventType "team-tourn"]
[EventRounds "9"]
[EventCountry "HUN"]
[SourceTitle "EXT 2021"]
[Source "ChessBase"]
[SourceDate "2020.10.23"]
[SourceVersion "1"]
[SourceVersionDate "2020.10.23"]
[SourceQuality "1"]
[WhiteTeam "Kaposvar Bastya"]
[BlackTeam "Pecs Karmin"]
[WhiteTeamCountry "HUN"]
[BlackTeamCountry "HUN"]

1. d4 Nf6 2. c4 e6 3. Nf3 b6 4. g3 Ba6 5. b3 Bb4+ 6. Bd2 Be7 7. Bg2 c6 8. Bc3 0-0 9. 0-0 d5 10. Ne5 Qc7 11. Nd2 Nbd7 12. Nxd7 Qxd7 13. Re1 Rac8 14. e4 dxe4 15. Nxe4 Nxe4 16. Bxe4 Bf6 17. Qc2 g6 18. Rad1 Bg7 1/2-1/2

[Event "HUN-chT2 Asztalos 1314"]
[Site "Hungary"]
[Date "2014.04.27"]
[Round "9"]
[White "Veress, Robert"]
[Black "Havasi, Gergo"]
[Result "0-1"]
[WhiteElo "2202"]
[BlackElo "2166"]
[PlyCount "78"]
[EventDate "2013.09.08"]
[EventType "team-tourn"]
[EventRounds "9"]
[EventCountry "HUN"]
[SourceTitle "EXT 2016"]
[Source "ChessBase"]
[SourceDate "2015.10.08"]
[SourceVersion "1"]
[SourceVersionDate "2015.10.08"]
[SourceQuality "1"]
[WhiteTeam "Kaposvar Bastya"]
[BlackTeam "MAV Elore"]
[WhiteTeamCountry "HUN"]
[BlackTeamCountry "HUN"]

1. d4 Nf6 2. c4 g6 3. Nc3 Bg7 4. e4 d6 5. Nf3 0-0 6. Be2 e5 7. 0-0 Nc6 8. d5 Ne7 9. Ne1 Ne8 10. Be3 f5 11. f3 f4 12. Bf2 b6 13. b4 g5 14. c5 Ng6 15. cxd6 cxd6 16. b5 Nf6 17. Nd3 h5 18. Nb4 g4 19. Nc6 Qe8 20. a4 g3 21. hxg3 fxg3 22. Bxg3 h4 23. Bf2 Nh5 24. a5 Nhf4 25. axb6 Nxg2 26. Rxa7 Rxa7 27. bxa7 Bb7 28. Bb6 N6f4 29. Rf2 h3 30. Bf1 Bf6 31. Ra2 Ba8 32. Ne2 Qg6 33. Nxf4 Nxf4+ 34. Kh1 Rf7 35. Qe1 Rh7 36. Bd8 Qg2+ 37. Bxg2 hxg2+ 38. Kg1 Rh1+ 39. Kf2 Rxe1 0-1

[Event "HUN-chT2 Asztalos 1314"]
[Site "Hungary"]
[Date "2014.03.23"]
[Round "7"]
[White "Veress, Robert"]
[Black "Haszon, David"]
[Result "0-1"]
[WhiteElo "2202"]
[BlackElo "2272"]
[PlyCount "63"]
[EventDate "2013.09.08"]
[EventType "team-tourn"]
[EventRounds "9"]
[EventCountry "HUN"]
[SourceTitle "EXT 2016"]
[Source "ChessBase"]
[SourceDate "2015.10.08"]
[SourceVersion "1"]
[SourceVersionDate "2015.10.08"]
[SourceQuality "1"]
[WhiteTeam "Kaposvar Bastya"]
[BlackTeam "Marcali"]
[WhiteTeamCountry "HUN"]
[BlackTeamCountry "HUN"]

1. d4 Nf6 2. Nf3 g6 3. c4 Bg7 4. g3 0-0 5. Bg2 d5 6. 0-0 c6 7. cxd5 cxd5 8. Nc3 Nc6 9. Ne5 e6 10. f4 a6 11. e3 Qd6 12. Bd2 b5 13. Nxc6 Qxc6 14. Rc1 Qb6 15. Qb3 Rb8 16. Rf2 a5 17. Bf1 Bd7 18. a3 Rfc8 19. Na2 Ne4 20. Rg2 Nd6 21. Rxc8+ Rxc8 22. Qd3 Nc4 23. b4 axb4 24. Bxb4 Nxe3 25. Bc5 Rxc5 26. dxc5 Qxc5 27. Re2 Ng4+ 28. Kg2 d4 29. Nb4 Bc8 30. Rc2 Ne3+ 31. Qxe3 Bb7+ 32. Kg1 0-1

[Event "HUN-chT2 Asztalos 1314"]
[Site "Hungary"]
[Date "2013.11.03"]
[Round "4"]
[White "Arbutina, Sinisa"]
[Black "Veress, Robert"]
[Result "1/2-1/2"]
[WhiteElo "2281"]
[BlackElo "2202"]
[PlyCount "36"]
[EventDate "2013.09.08"]
[EventType "team-tourn"]
[EventRounds "9"]
[EventCountry "HUN"]
[SourceTitle "EXT 2016"]
[Source "ChessBase"]
[SourceDate "2015.10.08"]
[SourceVersion "1"]
[SourceVersionDate "2015.10.08"]
[SourceQuality "1"]
[WhiteTeam "Baja"]
[BlackTeam "Kaposvar Bastya"]
[WhiteTeamCountry "HUN"]
[BlackTeamCountry "HUN"]

1. d4 d5 2. c4 c6 3. Nf3 Nf6 4. Nc3 dxc4 5. a4 Bf5 6. e3 e6 7. Bxc4 Bb4 8. 0-0 Nbd7 9. Qe2 0-0 10. e4 Bg6 11. e5 Nd5 12. Nxd5 cxd5 13. Bd3 Bxd3 14. Qxd3 h6 15. Bf4 Rc8 16. Qb5 Qe7 17. Ne1 Bxe1 18. Rfxe1 Nb8 1/2-1/2

[Event "HUN-chT2 Asztalos 1213"]
[Site "Hungary"]
[Date "2013.04.21"]
[Round "9.1"]
[White "Kele, Karoly"]
[Black "Veress, Robert"]
[Result "1/2-1/2"]
[WhiteElo "2117"]
[BlackElo "2229"]
[PlyCount "60"]
[EventDate "2012.09.16"]
[EventType "team-tourn"]
[EventRounds "9"]
[EventCountry "HUN"]
[SourceTitle "EXT 2014"]
[Source "ChessBase"]
[SourceDate "2013.11.20"]
[SourceVersion "1"]
[SourceVersionDate "2013.11.20"]
[SourceQuality "1"]
[WhiteTeam "Pecs Karmin"]
[BlackTeam "Kaposvar Bastya"]
[WhiteTeamCountry "HUN"]
[BlackTeamCountry "HUN"]

1. e4 e5 2. Nf3 Nc6 3. Bb5 a6 4. Ba4 Nf6 5. 0-0 Be7 6. Re1 b5 7. Bb3 d6 8. c3 0-0 9. h3 Na5 10. Bc2 c5 11. d4 Qc7 12. Nbd2 cxd4 13. cxd4 Nc6 14. d5 Nb4 15. Bb1 a5 16. Nf1 Bd7 17. Bd2 Na6 18. Bd3 Nc5 19. Rc1 Qb7 20. Bb1 Rfc8 21. Ng3 Na4 22. Rxc8+ Rxc8 23. Bxa5 Nxb2 24. Qb3 Na4 25. Bb4 Nc5 26. Qb2 Bd8 27. Rc1 Bb6 28. Ne1 Qa7 29. Qd2 h6 30. Kh1 Qa4 1/2-1/2

[Event "HUN-chT2 Asztalos 1213"]
[Site "Hungary"]
[Date "2013.03.03"]
[Round "8.1"]
[White "Veress, Robert"]
[Black "Haszon, David"]
[Result "0-1"]
[WhiteElo "2229"]
[BlackElo "2290"]
[PlyCount "134"]
[EventDate "2012.09.16"]
[EventType "team-tourn"]
[EventRounds "9"]
[EventCountry "HUN"]
[SourceTitle "EXT 2014"]
[Source "ChessBase"]
[SourceDate "2013.11.20"]
[SourceVersion "1"]
[SourceVersionDate "2013.11.20"]
[SourceQuality "1"]
[WhiteTeam "Kaposvar Bastya"]
[BlackTeam "Marcali"]
[WhiteTeamCountry "HUN"]
[BlackTeamCountry "HUN"]

1. d4 Nf6 2. c4 g6 3. Nf3 Bg7 4. Nc3 0-0 5. e4 d6 6. Be2 Nc6 7. d5 Ne5 8. Nxe5 dxe5 9. Bg5 h6 10. Be3 Bd7 11. Qb3 b6 12. 0-0 e6 13. f3 Qe7 14. Rfd1 Kh7 15. Rac1 Nh5 16. d6 cxd6 17. Qa3 Rfd8 18. Qxd6 Qxd6 19. Rxd6 Bf8 20. Rd3 Be8 21. Rxd8 Rxd8 22. Rd1 Rc8 23. a3 Nf4 24. Bf1 g5 25. Kf2 Be7 26. Rc1 Bc5 27. b4 Bd4 28. g3 Ng6 29. Bd3 Kg7 30. Rc2 Ne7 31. Ke2 f5 32. Kd2 Bxe3+ 33. Kxe3 f4+ 34. Kf2 h5 35. Ne2 Rd8 36. Rc3 Nc6 37. Bc2 Kf6 38. Ba4 fxg3+ 39. hxg3 Rd2 40. Bxc6 Bxc6 41. Ke3 Ra2 42. Nc1 Rg2 43. Ne2 h4 44. g4 Ke7 45. Rc1 Ba4 46. Rg1 Rh2 47. Kd3 Kd6 48. Rc1 h3 49. Rg1 Bc2+ 50. Ke3 Bb3 51. Kd3 Bxc4+ 52. Kxc4 Rxe2 53. Rh1 h2 54. Kb5 Ra2 55. a4 Kc7 56. a5 bxa5 57. bxa5 Kb7 58. a6+ Kb8 59. Kc5 Kc7 60. Kb5 Rc2 61. Rd1 Rb2+ 62. Kc5 Rc2+ 63. Kb5 Rd2 64. Rc1+ Kd6 65. Rc6+ Kd7 66. Rc1 Rb2+ 67. Ka4 Rg2 0-1

[Event "HUN-chT2 Asztalos 1112"]
[Site "Hungary"]
[Date "2012.03.11"]
[Round "7.1"]
[White "Arato, Bela"]
[Black "Veress, Robert"]
[Result "1/2-1/2"]
[WhiteElo "2122"]
[BlackElo "2235"]
[PlyCount "61"]
[EventDate "2011.09.25"]
[EventType "team-tourn"]
[EventRounds "11"]
[EventCountry "HUN"]
[SourceTitle "EXT 2013"]
[Source "ChessBase"]
[SourceDate "2012.11.22"]
[SourceVersion "1"]
[SourceVersionDate "2012.11.22"]
[SourceQuality "1"]
[WhiteTeam "Mohacs"]
[BlackTeam "Kaposvar Bastya"]
[WhiteTeamCountry "HUN"]
[BlackTeamCountry "HUN"]

1. e4 e5 2. Nf3 Nf6 3. Nxe5 d6 4. Nf3 Nxe4 5. d4 d5 6. Bd3 Be7 7. 0-0 Nc6 8. Re1 Bg4 9. c3 f5 10. Qb3 0-0 11. Ne5 Nxe5 12. dxe5 Nc5 13. Qc2 Nxd3 14. Qxd3 f4 15. Nd2 c5 16. Nf3 Be6 17. Bd2 g5 18. h3 Qe8 19. Nh2 h5 20. f3 c4 21. Qe2 Bc5+ 22. Kh1 Qg6 23. b4 Bb6 24. a4 Rae8 25. a5 Bc7 26. Qf2 b6 27. Qd4 Qf5 28. Re2 Re7 29. Rae1 Bd8 30. Bc1 bxa5 31. bxa5 1/2-1/2

[Event "HUN-chT2 Asztalos 1112"]
[Site "Hungary"]
[Date "2011.11.27"]
[Round "4.1"]
[White "Veress, Robert"]
[Black "Haszon, David"]
[Result "1/2-1/2"]
[WhiteElo "2235"]
[BlackElo "2131"]
[PlyCount "104"]
[EventDate "2011.09.25"]
[EventType "team-tourn"]
[EventRounds "11"]
[EventCountry "HUN"]
[SourceTitle "EXT 2013"]
[Source "ChessBase"]
[SourceDate "2012.11.22"]
[SourceVersion "1"]
[SourceVersionDate "2012.11.22"]
[SourceQuality "1"]
[WhiteTeam "Kaposvar Bastya"]
[BlackTeam "Marcali"]
[WhiteTeamCountry "HUN"]
[BlackTeamCountry "HUN"]

1. d4 Nf6 2. Nf3 g6 3. c4 Bg7 4. Nc3 d5 5. cxd5 Nxd5 6. e4 Nxc3 7. bxc3 0-0 8. Be2 c5 9. 0-0 Nc6 10. Be3 Qa5 11. Qb3 a6 12. Rac1 b5 13. d5 c4 14. Qc2 Nd8 15. Bd4 Re8 16. Bxg7 Kxg7 17. Nd4 e5 18. dxe6 Nxe6 19. Rfd1 Bb7 20. f3 Qb6 21. Kh1 Rad8 22. Qb2 Qc5 23. a4 Bc6 24. axb5 axb5 25. Rb1 Rb8 26. Bf1 h5 27. Qf2 Nxd4 28. cxd4 Qd6 29. d5 Bd7 30. Qd4+ Qf6 31. Qa7 Qd6 32. e5 Rxe5 33. Bxc4 Rbe8 34. Qd4 Kh7 35. Bf1 Rb8 36. Rb4 Be8 37. Kg1 Qb6 38. f4 Rf5 39. Qxb6 Rxb6 40. g3 Bd7 41. Bh3 Rxd5 42. Rxd5 Bxh3 43. Rbxb5 Ra6 44. Ra5 Rb6 45. Rdb5 Rc6 46. Rb2 Kg7 47. Kf2 Rc3 48. Rab5 Be6 49. Re5 Kf6 50. h4 Ra3 51. Re3 Ra1 52. Re5 Rh1 1/2-1/2

[Event "HUN-chT2 Asztalos 1011"]
[Site "Hungary"]
[Date "2011.05.01"]
[Round "10.2"]
[White "Toth, David"]
[Black "Veress, Robert"]
[Result "1/2-1/2"]
[WhiteElo "2003"]
[BlackElo "2235"]
[PlyCount "61"]
[EventDate "2010.09.12"]
[EventType "team-tourn"]
[EventRounds "11"]
[EventCountry "HUN"]
[SourceTitle "EXT 2012"]
[Source "ChessBase"]
[SourceDate "2011.11.24"]
[SourceVersion "1"]
[SourceVersionDate "2011.11.24"]
[SourceQuality "1"]
[WhiteTeam "Pecs Karmin"]
[BlackTeam "Kaposvar Bastya"]
[WhiteTeamCountry "HUN"]
[BlackTeamCountry "HUN"]

1. d4 f5 2. Bg5 h6 3. Bh4 g5 4. Bg3 Nf6 5. e3 Bg7 6. Bc4 e6 7. Nc3 d6 8. h4 g4 9. Nge2 Nh5 10. Qd2 Qe7 11. 0-0-0 c6 12. f3 gxf3 13. gxf3 Nd7 14. e4 Nb6 15. Bb3 fxe4 16. Nxe4 Nxg3 17. N2xg3 d5 18. Nc5 Qf7 19. Rde1 Kd8 20. f4 h5 21. c3 Bh6 22. Rhf1 Rf8 23. Ne2 Nd7 24. Nd3 b6 25. Kb1 Ba6 26. Qd1 Qf6 27. Ne5 Nxe5 28. fxe5 Qxh4 29. Rxf8+ Bxf8 30. Bc2 Bh6 31. Rh1 1/2-1/2

[Event "HUN-chT2 Asztalos 1011"]
[Site "Hungary"]
[Date "2011.04.17"]
[Round "9.1"]
[White "Ivan, Zoltan"]
[Black "Veress, Robert"]
[Result "1/2-1/2"]
[WhiteElo "2190"]
[BlackElo "2235"]
[PlyCount "74"]
[EventDate "2010.09.12"]
[EventType "team-tourn"]
[EventRounds "11"]
[EventCountry "HUN"]
[SourceTitle "EXT 2012"]
[Source "ChessBase"]
[SourceDate "2011.11.24"]
[SourceVersion "1"]
[SourceVersionDate "2011.11.24"]
[SourceQuality "1"]
[WhiteTeam "Komlo"]
[BlackTeam "Kaposvar Bastya"]
[WhiteTeamCountry "HUN"]
[BlackTeamCountry "HUN"]

1. d4 Nf6 2. c4 e6 3. Nf3 d5 4. Nc3 Be7 5. Bg5 0-0 6. e3 h6 7. Bh4 b6 8. Rc1 Bb7 9. Bxf6 Bxf6 10. cxd5 exd5 11. Bd3 c6 12. 0-0 Nd7 13. b4 a5 14. b5 c5 15. Bf5 c4 16. Qc2 g6 17. Bh3 Re8 18. Rfe1 Qe7 19. Na4 Rab8 20. Rb1 Ba8 21. Nc3 Nf8 22. Rbd1 Rbd8 23. g3 Bb7 24. Qc1 Qd6 25. Bg2 Bg7 26. Nd2 Ba8 27. h4 Nd7 28. Nf3 Re7 29. Qc2 Nf8 30. Re2 Bb7 31. Bh3 Bc8 32. Bxc8 Rxc8 33. Kg2 h5 34. e4 dxe4 35. Nxe4 Qd5 36. Nc3 Rxe2 37. Qxe2 Qd6 1/2-1/2

[Event "HUN-chT2 Asztalos 0910"]
[Site "Hungary"]
[Date "2009.11.22"]
[Round "2"]
[White "Veress, Robert"]
[Black "Vrban, Mladen"]
[Result "1/2-1/2"]
[WhiteElo "2214"]
[BlackElo "2302"]
[PlyCount "113"]
[EventDate "2009.11.08"]
[EventType "team-tourn"]
[EventRounds "11"]
[EventCountry "HUN"]
[SourceTitle "EXT 2011"]
[Source "ChessBase"]
[SourceDate "2010.11.26"]
[SourceVersion "1"]
[SourceVersionDate "2010.11.26"]
[SourceQuality "1"]
[WhiteTeam "Szenna Pack"]
[BlackTeam "Nagyatad"]
[WhiteTeamCountry "HUN"]
[BlackTeamCountry "HUN"]

1. d4 Nf6 2. c4 g6 3. Nf3 Bg7 4. g3 0-0 5. Bg2 d6 6. 0-0 Nc6 7. Nc3 Bf5 8. d5 Na5 9. Nd2 c5 10. e4 Bg4 11. Qc2 a6 12. b3 Rb8 13. Bb2 b5 14. Rab1 Qc8 15. Nd1 Bh3 16. Bc3 Bxg2 17. Kxg2 Qc7 18. Ne3 e5 19. Rbe1 b4 20. Bb2 Nb7 21. f4 exf4 22. gxf4 Rbe8 23. h3 Qe7 24. Ng4 Nxg4 25. Bxg7 Ne3+ 26. Rxe3 Kxg7 27. Qb2+ f6 28. Nf3 Nd8 29. e5 Nf7 30. e6 Nh6 31. Nh4 Kg8 32. Rg3 f5 33. Nf3 Qf6 34. Qxf6 Rxf6 35. a3 bxa3 36. Ra1 Rff8 37. Rxa3 Ra8 38. Ng5 Ra7 39. Re3 Re8 40. Re2 Kg7 41. Rea2 Rea8 42. Ra5 Kf6 43. R2a4 Ng8 44. b4 cxb4 45. Rxb4 Rc8 46. Kf3 h6 47. Nf7 Ke7 48. Ke3 Nf6 49. Kd4 Ne4 50. Rb6 Rac7 51. Rb4 Ra8 52. Nxh6 Rh8 53. Nf7 Rxh3 54. Ng5 Rh4 55. Nxe4 Rxf4 56. Rxa6 Rxe4+ 57. Kd3 1/2-1/2

[Event "HUN-chT2 Charousek 0708"]
[Site "Hungary"]
[Date "2008.05.18"]
[Round "11"]
[White "Veress, Robert"]
[Black "Frank, Jozsef1111"]
[Result "1-0"]
[WhiteElo "2214"]
[BlackElo "2166"]
[PlyCount "129"]
[EventDate "2007.10.14"]
[EventType "team"]
[EventRounds "11"]
[EventCountry "HUN"]
[SourceTitle "EXT 2009"]
[Source "ChessBase"]
[SourceDate "2008.11.26"]
[SourceVersion "1"]
[SourceVersionDate "2008.11.26"]
[SourceQuality "1"]
[WhiteTeam "Szenna Pack"]
[BlackTeam "Gyor Elektromos"]
[WhiteTeamCountry "HUN"]
[BlackTeamCountry "HUN"]

1. d4 a6 2. e4 b5 3. Bd3 g6 4. Nf3 Bg7 5. 0-0 Bb7 6. Re1 Nf6 7. Nbd2 0-0 8. c3 d6 9. a4 bxa4 10. Qxa4 Nfd7 11. Qb3 Qc8 12. Nc4 Nc6 13. Be3 Rb8 14. Qc2 h6 15. d5 Nce5 16. Nfxe5 Nxe5 17. Nxe5 dxe5 18. Bc5 Re8 19. b4 Bf8 20. Qe2 Ra8 21. Ra5 c6 22. dxc6 Qxc6 23. Rea1 e6 24. Qe3 Red8 25. Bc2 Bg7 26. f3 Qd7 27. Rd1 Qc6 28. Rxd8+ Rxd8 29. Ba4 Qc8 30. Be7 Rd7 31. Bxd7 Qxd7 32. Bh4 Qd1+ 33. Qe1 Qd3 34. Ra1 Bc6 35. Rd1 Qc4 36. Qf1 Qxc3 37. Rc1 Qd4+ 38. Bf2 Qd7 39. Qxa6 Bb7 40. Qc4 Bf6 41. Be3 Bg5 42. Kf2 Bxe3+ 43. Kxe3 Ba6 44. Qxa6 Qd4+ 45. Ke2 Qb2+ 46. Kd1 Qxb4 47. Qc8+ Kg7 48. Qc3 Qa4+ 49. Rc2 Kf6 50. f4 Qxe4 51. Qxe5+ Qxe5 52. fxe5+ Kxe5 53. Ke2 Kf5 54. Kf3 h5 55. Ke3 f6 56. Rf2+ Ke5 57. Ra2 Kf5 58. Ra5+ e5 59. Ra6 g5 60. Rb6 g4 61. g3 Kg5 62. Ke4 Kg6 63. Rb1 Kg5 64. Rb2 Kg6 65. Rb8 1-0